| 000 | 01517nam a22002417a 4500 | ||
|---|---|---|---|
| 999 |
_c63135 _d63135 |
||
| 003 | Ge_BSU | ||
| 005 | 20250610145059.0 | ||
| 008 | 250610s2018 ge ||||| |||| 00| 0 geo d | ||
| 020 | _a9789941476563 | ||
| 041 | _ageo | ||
| 080 | _a51(072) მ-15 | ||
| 245 |
_aმათემატიკა : მე-3 კლასი : _bმასწავლებლის წიგნი / _cგურამ გოგიშვილი, თეიმურაზ ვეფხვაძე, ია მებონია, ლამარა ქურჩიშვილი ; რედაქტორი თეიმურაზ ვეფხვაძე. |
||
| 264 |
_aთბილისი : _bინტელექტი, _c2018. |
||
| 300 |
_a210 გვ. ; _b28 სმ. |
||
| 500 | _aგრიფმინიჭებულია საქართველოს განათლებისა და მეცნიერების სამინისტროს მიერ 2018 წელს. | ||
| 504 | _aბიბლიოგრაფია: გვ. 210. | ||
| 653 | _aმათემატიკა | ||
| 700 |
_aგოგიშვილი, გურამ _eავტორი _925357 |
||
| 700 |
_aვეფხვაძე, თეიმურაზ _eავტორი, რედაქტორი _925358 |
||
| 700 |
_aმებონია, ია _eავტორი _925359 |
||
| 700 |
_aქურჩიშვილი, ლამარა _eავტორი _925360 |
||
| 942 |
_2udc _cᲬᲘᲒᲜᲘ |
||